Lecciones de historia naval argentina / (Registro nro. 71839)
[ vista simple ]
| 000 -CABECERA | |
|---|---|
| campo de control de longitud fija | 00679cam a22002292u 4500 |
| 001 - NÚMERO DE CONTROL | |
| campo de control | LIBRI-020466 |
| 003 - IDENTIFICADOR DEL NÚMERO DE CONTROL | |
| campo de control | AR-CrUNPB |
| 007 - CAMPO FIJO DE DESCRIPCIÓN FÍSICA--INFORMACIÓN GENERAL | |
| campo de control de longitud fija | ta |
| 008 - DATOS DE LONGITUD FIJA--INFORMACIÓN GENERAL | |
| campo de control de longitud fija | 170901s1967 ag r 000 0 spa d |
| 040 ## - FUENTE DE LA CATALOGACIÓN | |
| Centro catalogador/agencia de origen | AR-CrUNPB |
| 082 0# - NÚMERO DE LA CLASIFICACIÓN DECIMAL DEWEY | |
| Número de clasificación | 359.009/P.19 |
| Número de edición | 20 |
| 100 1# - ENTRADA PRINCIPAL--NOMBRE DE PERSONA | |
| Nombre de persona | Piccirilli, Ricardo |
| 245 10 - MENCIÓN DE TÍTULO | |
| Título | Lecciones de historia naval argentina / |
| Mención de responsabilidad, etc. | Ricardo Piccirilli |
| 255 ## - DATOS MATEMÁTICOS CARTOGRÁFICOS | |
| Mención de escala | .009 |
| 260 ## - PUBLICACIÓN, DISTRIBUCIÓN, ETC. (PIE DE IMPRENTA) | |
| Lugar de publicación, distribución, etc. | Buenos Aires : |
| Nombre del editor, distribuidor, etc. | Argentina. Armada. Departamento de Estudios Históricos Navales, |
| Fecha de publicación, distribución, etc. | 1967 |
| 300 ## - DESCRIPCIÓN FÍSICA | |
| Extensión | 310 p |
| 490 0# - MENCIÓN DE SERIE | |
| Mención de serie | Serie B. Historia Naval Argentina ; |
| Designación de volumen o secuencia | 7 |
| 590 ## - NOTA LOCAL (RLIN) | |
| Nota local | Registros migrados a formato MARC |
| 650 #7 - PUNTO DE ACCESO ADICIONAL DE MATERIA--TÉRMINO DE MATERIA | |
| Término de materia o nombre geográfico como elemento inicial | BUQUES |
| Fuente del encabezamiento o término | Unescot |
| 9 (RLIN) | 1791 |
| 942 ## - ELEMENTOS DE PUNTO DE ACCESO ADICIONAL (KOHA) | |
| Tipo de ítem Koha | Libros |
| 910 ## - Autoría del registro | |
| Catalogador/fecha | bw051005 |
| Estado de retiro | Estado de pérdida | Estado dañado | No para préstamo | Localización permanente | Ubicación/localización actual | Fecha de adquisición | Total de préstamos | Signatura topográfica completa | Código de barras | Fecha visto por última vez | Precio válido a partir de | Tipo de ítem Koha |
|---|---|---|---|---|---|---|---|---|---|---|---|---|
| En estantería | Presente | Para el préstamo | Com. Rivadavia: Biblioteca Central "Dr. Eduardo Musacchio" | Com. Rivadavia: Biblioteca Central "Dr. Eduardo Musacchio" | 27/09/2017 | 359.009/P.19 | C00073 | 27/09/2017 | 27/09/2017 | Libros | ||
| En estantería | Presente | Para el préstamo | Com. Rivadavia: Biblioteca Central "Dr. Eduardo Musacchio" | Com. Rivadavia: Biblioteca Central "Dr. Eduardo Musacchio" | 27/09/2017 | 359.009/P.19 | C11351 | 27/09/2017 | 27/09/2017 | Libros |